Clinical obstetrics and gynaecology. --2nd ed. (Record no. 63998)

MARC details
000 -LEADER
fixed length control field 01079nam a2200217 a 4500
008 - FIXED-LENGTH DATA ELEMENTS--GENERAL INFORMATION
fixed length control field 150128s2009 ||||||||||||||||| || u
020 ## - INTERNATIONAL STANDARD BOOK NUMBER
International Standard Book Number 9780702030697
050 ## - LIBRARY OF CONGRESS CALL NUMBER
Classification number RG 526 Cli
100 ## - MAIN ENTRY--PERSONAL NAME
Personal name Magowan, Brian
245 10 - TITLE STATEMENT
Title Clinical obstetrics and gynaecology. --2nd ed.
Statement of responsibility, etc. Edited by Brian Magowan, Philip Owen [and] James Drife
250 ## - EDITION STATEMENT
Edition statement 2nd ed.
260 ## - PUBLICATION, DISTRIBUTION, ETC.
Place of publication, distribution, etc. Edinburgh
Name of publisher, distributor, etc. Saunders Elsevier
Date of publication, distribution, etc. 2009
300 ## - PHYSICAL DESCRIPTION
Extent xi,427p.: ill.
350 ## -
-- 65.95
650 ## - SUBJECT ADDED ENTRY--TOPICAL TERM
Topical term or geographic name entry element MEDICAL SCIENCE
650 #3 - SUBJECT ADDED ENTRY--TOPICAL TERM
Topical term or geographic name entry element OBSTETRICS
650 ## - SUBJECT ADDED ENTRY--TOPICAL TERM
Topical term or geographic name entry element GYNAECOLOGY
995 ## -
-- MEDICAL LIBRARY OPEN ACCESS
-- 902487
-- CBU-SCHOOL OF MEDICINE LIBRARY (Ndola)
-- 65.95
-- RG 526 Cli
-- 1
-- OUT
-- Feb 13, 2015
-- 902487
-- Medical Library Open Access Collection
995 ## -
-- MEDICAL LIBRARY OPEN ACCESS
-- 902488
-- CBU-SCHOOL OF MEDICINE LIBRARY (Ndola)
-- 65.95
-- RG 526 Cli
-- 2
-- AVAILABLE
-- Feb 13, 2015
-- 902488
-- Medical Library Open Access Collection
995 ## -
-- MEDICAL LIBRARY OPEN ACCESS
-- 902959
-- CBU-SCHOOL OF MEDICINE LIBRARY (Ndola)
-- 65.95
-- RG 526 Cli
-- 3
-- OUT
-- Mar 11, 2015
-- 902959
-- Medical Library Open Access Collection
999 ## -
-- 63998
-- 63998
Holdings
Withdrawn status Lost status Source of classification or shelving scheme Damaged status Not for loan Permanent Location Current Location Shelving location Date acquired Total Checkouts Full call number Barcode Date last seen Date last checked out Copy number Price effective from Koha item type
          CBU-SCHOOL OF MEDICINE LIBRARY, NDOLA. CBU-SCHOOL OF MEDICINE LIBRARY, NDOLA.   02/01/2023 1 RG 526 Cli 902487 04/07/2025 03/21/2025 1 02/01/2023 MONOGRAPH
          CBU-SCHOOL OF MEDICINE LIBRARY, NDOLA. CBU-SCHOOL OF MEDICINE LIBRARY, NDOLA.   02/01/2023   RG 526 Cli 902488 02/01/2023   2 02/01/2023 MONOGRAPH
          CBU-SCHOOL OF MEDICINE LIBRARY, NDOLA. CBU-SCHOOL OF MEDICINE LIBRARY, NDOLA.   02/01/2023 1 RG 526 Cli 902959 09/05/2024 07/22/2024 3 02/01/2023 MONOGRAPH